000 00773nam a22002537a 4500
001 29557
003 UA-OsUOA
005 20210803091645.0
007 ta
008 20041013b un ||||| |||| 00| 0 ukr d
040 _aUA-OsUOA
_brus
_cUA-OsUOA
_dUA-OsUOA
041 _arus
044 _aUA
080 _a82.09(477)
090 _a82.09(477)
_bЛ63
245 _aЛітература в школі
_cред. О. Р. Мазуркевич, В. І. Масальський, К. М. Сторчак
_nВип. 1
260 _aКиїв
_bРадянська школа
_c1956
300 _a384 с.
505 _gТ. 4
650 7 _2UDC
_a82 Література
942 _cBK
_2udc
955 _a2
999 _c315949
_d315949